Looking at chromosomes / (Record no. 69368)
[ view plain ]
| 000 -LEADER | |
|---|---|
| fixed length control field | 00688nam a2200241 a 4500 |
| 001 - CONTROL NUMBER | |
| control field | 69368 |
| 003 - CONTROL NUMBER IDENTIFIER | |
| rucl marc code | BD-RjUL |
| 005 - DATE AND TIME OF LATEST TRANSACTION | |
| control field | 20211209081857.0 |
| 008 - FIXED-LENGTH DATA ELEMENTS--GENERAL INFORMATION | |
| fixed length control field | 170411s19661958enka b 000 0 eng d |
| 035 ## - SYSTEM CONTROL NUMBER | |
| System control number | (BD-RjUL)69579 |
| System control number | 2289593 |
| 040 ## - CATALOGING SOURCE | |
| Original cataloging agency | SUSA |
| Language of cataloging | eng |
| Transcribing agency | SUSA |
| Modifying agency | ABN-SNR |
| -- | BD-RjUL |
| 041 ## - LANGUAGE CODE | |
| Language code of text/sound track or separate title | eng |
| 082 04 - DEWEY DECIMAL CLASSIFICATION NUMBER | |
| Classification number | 572.87 |
| Edition number | 23 |
| Author mark and year | MCL 1966 |
| 100 1# - MAIN ENTRY--PERSONAL NAME | |
| Personal name | McLeish, John. |
| 9 (RLIN) | 205506 |
| 245 10 - TITLE STATEMENT | |
| Title | Looking at chromosomes / |
| Statement of responsibility, etc. | by John McLeish and Brian Snoad. |
| 260 ## - PUBLICATION, DISTRIBUTION, ETC. (IMPRINT) | |
| Place of publication, distribution, etc. | London : |
| Name of publisher, distributor, etc. | Macmillan, |
| Date of publication, distribution, etc. | c 1958 [reprint1966] |
| 300 ## - PHYSICAL DESCRIPTION | |
| Pagination | 88 p. : |
| Illustrations | ill. ; |
| Size | 24 cm. |
| 504 ## - BIBLIOGRAPHY, ETC. NOTE | |
| Bibliography, etc | Bibliography: p.[88]. |
| 650 #0 - SUBJECT ADDED ENTRY--TOPICAL TERM | |
| Topical term or geographic name as entry element | Chromosomes. |
| 9 (RLIN) | 205507 |
| 700 1# - ADDED ENTRY--PERSONAL NAME | |
| Personal name | Snoad, Brian,. |
| 942 ## - ADDED ENTRY ELEMENTS (KOHA) | |
| Source of classification or shelving scheme | Dewey Decimal Classification |
| Koha item type | Books |
| Lost status | Source of classification or shelving scheme | Damaged status | Not for loan | Collection code | Permanent Location | Current Location | Shelving location | Date acquired | Source of acquisition | Cost, normal purchase price | Total Checkouts | Full call number | Date last seen | Copy number | Koha item type |
|---|---|---|---|---|---|---|---|---|---|---|---|---|---|---|---|
| Dewey Decimal Classification | Not For Loan | Non-fiction | Central Library, University of Rajshahi | Central Library, University of Rajshahi | Reading Room | 17/08/1973 | Eureka book Agency, Rajshah | 42.00 | 572.87 MCL 1966 | 11/04/2017 | C-1 | Books |